Priebežná správa projektu reformy riadenia verejných financií

Gespeichert in:
Bibliographische Detailangaben
1. Verfasser: Ochotnický, Pavol
Weitere Verfasser: Slobodníková, Ľubica, Roman, Branislav
Format: Buch
Sprache:Slowakisch
Veröffentlicht: Bratislava 2005
Schlagworte:
Tags: Tag hinzufügen
Keine Tags, Fügen Sie das erste Tag hinzu!

MARC

LEADER 00000nam$a2200000$$$4500
001 0150160
005 20240502072712.4
041 0 |a slo 
044 |a SK 
245 1 0 |a Priebežná správa projektu reformy riadenia verejných financií  |c Pavol Ochotnický, Ľubica Slobodníková, Branislav Roman 
264 1 |a Bratislava  |c 2005 
300 |a 32 s. 
610 2 0 |a financie verejné 
610 2 0 |a manažment verejnej správy 
610 2 0 |a riadenie finančné 
100 1 |a Ochotnický, Pavol 
700 1 |a Slobodníková, Ľubica 
700 1 |a Roman, Branislav